Countries with the most Muslims with exceptions - Statistics

General Stats
  • This quiz has been taken 45 times
  • The average score is 9 of 10
Answer Stats
Muslims Country % Correct
3,450,000+ United States
100%
3,000,000+ Italy
98%
5,720,000+ France
95%
4,600,000+ Germany
95%
1,180,000+ Spain
95%
2,130,000+ United Kingdom
95%
1,775,000+ Canada
91%
1,800,000+ Albania
80%
1,800,000+ Kosovo
70%
880,000+ Belgium
50%
No matching quizzes found
Score Distribution
Percent of People with Each Score
Percentile by Number Answered
Your Score History
You have not taken this quiz